Modern librarianship / (Record no. 39449)

MARC details
000 -LEADER
fixed length control field 00810nam a22002297a 4500
005 - DATE AND TIME OF LATEST TRANSACTION
control field 20100805140827.0
010 ## - LCCN (DPL NO)
LC control number ENG-98320
020 ## - INTERNATIONAL STANDARD BOOK NUMBER
International Standard Book Number 9788190772792
Terms of availability 100.00
035 ## - SYSTEM CONTROL NUMBER
System control number EN-81853
037 ## - SOURCE OF ACQUISITION
Source of stock number/acquisition DBAD/PUB
082 ## - DEWEY DECIMAL CLASSIFICATION NUMBER
Classification number 021.650954
100 ## - MAIN ENTRY--PERSONAL NAME
Personal name Poonkothai, R.
245 ## - TITLE STATEMENT
Title Modern librarianship /
Statement of responsibility, etc by R.Poonkothai
260 ## - PUBLICATION, DISTRIBUTION, ETC. (IMPRINT)
Place of publication, distribution, etc Trichy
Name of publisher, distributor, etc Rasakumaran Pathippagam
Date of publication, distribution, etc 2008
270 ## - ADDRESS
Address No.4, Kurinji Salai, Annamalai Nagar
City Trichy
Postal code 18
300 ## - PHYSICAL DESCRIPTION
Extent iv, 96p.
Dimensions 21cm (pbk)
500 ## - GENERAL NOTE
General note includes bibliographical references
650 ## - SUBJECT ADDED ENTRY--TOPICAL TERM
Topical term or geographic name as entry element India
650 ## - SUBJECT ADDED ENTRY--TOPICAL TERM
Topical term or geographic name as entry element Library information networks
942 ## - ADDED ENTRY ELEMENTS (KOHA)
Source of classification or shelving scheme Dewey Decimal Classification
Item type English Books
Classification part 021.650954
Call number suffix POO
Holdings
Withdrawn status Lost status Not for loan Collection code Home library Current library Date acquired Source of acquisition Cost, normal purchase price Full call number Barcode Copy number Cost, replacement price Koha item type
    Not For Loan Non-fiction D.B.Act.Division D.B.Act.Division 05/08/2010 DBAD/PUB 100.00 021.650954 POO EN-81853 1 100.00 English Books

© Delhi Public Library
Hit Counter
free hit counter